000
00232nam a22000977a 4500
100
_a
Rani Jose
245
_a
Thaikalile parswamukulangal murichu maattanam
260
_b
Rubber, 699(August): 2024.
300
_b
Malayalam
942
_c
JS
999
_c
75334
_d
75334